Chiesa e santità nell'Italia moderna /
Uloženo v:
| Hlavní autor: | |
|---|---|
| Médium: | Kniha |
| Jazyk: | italština |
| Vydáno: |
Roma [etc.] :
GLF editori Laterza,
2004
|
| Edice: | Biblioteca essenziale Laterza ;
61 Storia moderna |
| Témata: | |
| Tagy: |
Žádné tagy, Buďte první, kdo vytvoří štítek k tomuto záznamu!
|
MARC
| LEADER | 00000nam a2200000 i 4500 | ||
|---|---|---|---|
| 001 | IT\ICCU\TO0\1278774 | ||
| 003 | ItRI | ||
| 005 | 20250222225420.0 | ||
| 008 | 040204s2004 it |||||| ||||| |||||c | ||
| 015 | |2 IT |a 2005-139 | ||
| 020 | |a 8842071765 | ||
| 040 | |b ita |c ARCIGAY RIMINI | ||
| 041 | 7 | |a ita |2 ISO-639-2 | |
| 082 | |a 235.20945 |2 19 | ||
| 082 | |a 234.8 |2 21 | ||
| 082 | |a 235.24 |2 21 | ||
| 082 | |a 235.240903 |2 21 | ||
| 100 | 1 | |a Gotor, Miguel |0 IT\ICCU\IEIV\060615 |4 aut | |
| 245 | 1 | 0 | |a Chiesa e santità nell'Italia moderna / |c Miguel Gotor. |
| 260 | |a Roma [etc.] : |b GLF editori Laterza, |c 2004 | ||
| 300 | |a VIII, 159 p. ; |c 18 cm. | ||
| 650 | 7 | |a Canonizzazione |x Sec. 16.-18. |2 scbi | |
| 650 | 7 | |a Santi |x Culto |x Sec. 16.-18. |2 scbi | |
| 830 | 0 | |a Biblioteca essenziale Laterza ; |v 61 |0 IT\ICCU\CFI\0438665 | |
| 830 | 0 | |a Storia moderna |0 IT\ICCU\IEI\0121837 | |
| 942 | |2 ddc |c BK | ||
| 952 | |0 0 |1 0 |2 ddc |4 0 |6 253_240000000000000_GOT_CHI |7 1 |9 3386 |a RN |b RN |d 2025-02-22 |l 0 |o 253.24 GOT CHI |p 10645 |r 2025-02-22 22:54:53 |w 2025-02-22 |x DONAZIONE DI GIOVANNI RIMONDINI |y BK |z DONAZIONE DI GIOVANNI RIMONDINI | ||
| 981 | 1 | |6 z01 |a i |b xxxe | |
| 982 | 1 | |6 z01 |a n | |
| 999 | |c 2685 |d 2685 | ||